| 000 -LEADER |
| fixed length control field |
00930nam a2200229Ia 4500 |
| 001 - CONTROL NUMBER |
| control field |
17194 |
| 003 - CONTROL NUMBER IDENTIFIER |
| control field |
GE_BSU |
| 008 - FIXED-LENGTH DATA ELEMENTS--GENERAL INFORMATION |
| fixed length control field |
181216s||||||||xx |||||||||||||| ||und|| |
| 040 ## - CATALOGING SOURCE |
| Transcribing agency |
GE_BSU |
| 080 ## - UNIVERSAL DECIMAL CLASSIFICATION NUMBER |
| Universal Decimal Classification number |
821.161.1-32 |
| 100 ## - MAIN ENTRY--PERSONAL NAME |
| Personal name |
რიბაკოვი, ა. |
| 245 ## - TITLE STATEMENT |
| Title |
დაშნა ; ბრინჯაოს ფრინველი |
| 245 ## - TITLE STATEMENT |
| Remainder of title |
მოთხრობები |
| 245 ## - TITLE STATEMENT |
| Statement of responsibility, etc. |
ა. რიბაკოვი ; ს. ივანოვის ბოლოსიტყვაობით ; მთარგმნ.: ე. კეჭაღმაძე ; ილ.: ო. ვერეისკი და ი. ილინსკი |
| 260 ## - PUBLICATION, DISTRIBUTION, ETC. |
| Place of publication, distribution, etc. |
თბილისი |
| 260 ## - PUBLICATION, DISTRIBUTION, ETC. |
| Name of publisher, distributor, etc. |
ნაკადული |
| 260 ## - PUBLICATION, DISTRIBUTION, ETC. |
| Date of publication, distribution, etc. |
1962 |
| 300 ## - PHYSICAL DESCRIPTION |
| Extent |
535 გვ. : ილ. ; 21 სმ |
| 653 ## - INDEX TERM--UNCONTROLLED |
| Uncontrolled term |
დაშნა ; ბრინჯაოს ფრინველი |
| 653 ## - INDEX TERM--UNCONTROLLED |
| Uncontrolled term |
მოთხრობები |
| 942 ## - ADDED ENTRY ELEMENTS (KOHA) |
| Koha item type |
წიგნი |